| 000 | 00737nam a2200205 i 4500 | ||
|---|---|---|---|
| 001 | 42134 | ||
| 003 | ES-MaACL | ||
| 005 | 20230906160544.0 | ||
| 007 | t| | ||
| 008 | 030312s1944 mx ||||1| spa d | ||
| 100 | 1 |
_aCastiello, Jaime. _936633 |
|
| 245 | 1 | 3 |
_aLa formación mental _b: contribución a la investigación experimental de la educación formal / _cJaime Castiello ; traducción de Pedro Zuloaga. |
| 260 |
_aMéxico : _bJus, _c1944 ( _fTalleres la Editorial Clásica-Hoyos) |
||
| 300 |
_a250 p. ; _c21 cm. |
||
| 490 | 1 | _aColección de Estudios Pedagógicos | |
| 700 | 1 |
_aZuloaga, Pedro. _9118467 |
|
| 830 | 0 |
_aColección de Estudios Pedagógicos _9229814 |
|
| 852 |
_aES-MaACL _jC-4067 _bR.23721 |
||
| 999 |
_c42134 _d42134 |
||